00385 2200157 4500001002100000008004100021035002000062245002400082250001000106260002900116300001900145084001600164082001000180650002600190990001100216INLIS000000000001155 ind  a0010-0722000704 aTanah LongsorcIDEP aCet.2 aBalibYayasan IDEPc2007 a12c15 x 21 cm a363.7 IDE t a363.7 aPengajaran Pendidikan aDI.553